[Event "ICS rated standard match"]
[Site "204.178.125.65"]
[Date "2000.02.24"]
[Round "?"]
[White "STONE-WALL"]
[Black "Hossa"]
[Result "0-1"]
[WhiteElo "1823"]
[BlackElo "2204"]
[PlyCount "70"]

1. e4 c5 2. Nf3 d6 3. d4 cxd4 4. Nxd4 Nf6 5. Nc3 e6 6. g4 e5 7. Nf5 Nxg4 8.
Qxg4 g6 9. Nxd6+ Bxd6 10. Qg3 Nc6 11. Nd5 Be6 12. Bg5 Qa5+ 13. Bd2 Qc5 14. c4
O-O-O 15. O-O-O h6 16. Bd3 Nd4 17. Bb4 Qc6 18. Bxd6 Qxd6 19. Kb1 Rhf8 20. c5
Qd7 21. c6 Qd6 22. cxb7+ Kxb7 23. Bc4 Kb8 24. Rxd4 exd4 25. Qb3+ Ka8 26. Qb5
Rc8 27. Rc1 f5 28. f3 fxe4 29. fxe4 Rf2 30. Qa5 Rxh2 31. e5 Bf5+ 32. Ka1 Rxc4
33. Nb6+ Qxb6 34. Qd5+ Kb8 35. Qg8+ Bc8 0-1

[Event "ICS rated blitz match"]
[Site "204.178.125.65"]
[Date "2000.02.24"]
[Round "?"]
[White "Hossa"]
[Black "PostModernist"]
[Result "0-1"]
[WhiteElo "2402"]
[BlackElo "2509"]
[PlyCount "90"]

1. c4 e5 2. Nc3 Nf6 3. g3 Bb4 4. Bg2 O-O 5. a3 Bxc3 6. dxc3 Nc6 7. Bg5 h6 8.
Bxf6 Qxf6 9. Nf3 d6 10. O-O Bf5 11. Nh4 Be6 12. b3 a5 13. f4 exf4 14. Bxc6 bxc6
15. Rxf4 Qxc3 16. Rb1 Qe3+ 17. Rf2 a4 18. Ng2 Qc5 19. bxa4 Qxa3 20. Ra1 Qc5 21.
e3 Bxc4 22. Qg4 Qb4 23. Qd7 Rxa4 24. Rc1 Qb7 25. Nh4 Qb6 26. Nf5 Kh8 27. Qe7
Rg8 28. Qh4 Bb3 29. Qe7 Bd5 30. Nd4 Rga8 31. Re1 Ra1 32. Rff1 Rxe1 33. Rxe1 Ra2
34. Ne2 Qb4 35. Kf2 Qg4 36. e4 Bc4 37. h3 Rxe2+ 38. Rxe2 Qxe2+ 39. Kg1 Qf1+ 40.
Kh2 Qf2+ 41. Kh1 Bf1 42. Qf8+ Kh7 43. Qxg7+ Kxg7 44. e5 Bg2+ 45. Kh2 Bf3# 0-1

[Event "ICS rated standard match"]
[Site "204.178.125.65"]
[Date "2000.02.24"]
[Round "?"]
[White "Hossa"]
[Black "PostModernist"]
[Result "0-1"]
[WhiteElo "2207"]
[BlackElo "2419"]
[PlyCount "147"]

1. e4 c6 2. d4 d5 3. Nc3 dxe4 4. Nxe4 Nd7 5. Bc4 Ngf6 6. Ng5 e6 7. Qe2 Nb6 8.
Bb3 c5 9. Be3 Qc7 10. c3 Bd7 11. N1h3 c4 12. Bc2 Bd6 13. Ne4 Nxe4 14. Bxe4 f5
15. Bf3 O-O-O 16. O-O-O h6 17. g3 g5 18. Bg2 Nd5 19. Rde1 Qc6 20. f4 g4 21.
Bxd5 Qxd5 22. Nf2 Bc6 23. Bd2 Rhe8 24. Rhg1 Qb5 25. Kb1 Bf3 26. Qe3 h5 27. Bc1
Qb6 28. Qd2 h4 29. gxh4 Be7 30. h5 Rh8 31. h3 gxh3 32. Nxh3 Rxh5 33. Nf2 Rh2
34. Qe3 Bd5 35. Qg3 Rdh8 36. Qg7 Qc7 37. Re2 Bd6 38. Qg3 Kb8 39. Be3 R2h4 40.
Qg6 Bxf4 41. Bxf4 Qxf4 42. Qf7 Rh2 43. Qf6 Rc8 44. Rf1 Bg2 45. Rfe1 Bf3 46. Rc2
Bc6 47. Qe5+ Qxe5 48. dxe5 Rg8 49. Rd2 f4 50. Kc2 Bd5 51. b3 Rgg2 52. Rf1 b5
53. Kb2 f3 54. Ka3 Rh5 55. Re1 Rgg5 56. bxc4 bxc4 57. Rb1+ Kc7 58. Rb4 Rxe5 59.
Ng4 Re2 60. Rd1 f2 61. Ra4 Bc6 62. Rxc4 Ra5+ 63. Kb4 Ra4+ 64. Kc5 Rxc4+ 65.
Kxc4 Re4+ 66. Kc5 Rxg4 67. Rf1 Rf4 68. c4 Bg2 69. Rxf2 Rxf2 70. a3 Rf5+ 71. Kd4
e5+ 72. Kd3 Kd6 73. a4 Kc5 74. a5 0-1

[Event "ICS rated blitz match"]
[Site "204.178.125.65"]
[Date "2000.02.24"]
[Round "?"]
[White "LeTiger"]
[Black "Hossa"]
[Result "1-0"]
[WhiteElo "2746"]
[BlackElo "2391"]
[PlyCount "105"]

1. e4 e5 2. Nf3 Nf6 3. Nxe5 d6 4. Nf3 Nxe4 5. Qe2 Qe7 6. d3 Nf6 7. Bg5 Qxe2+ 8.
Bxe2 Be7 9. Nc3 O-O 10. O-O-O Re8 11. Bf4 Nc6 12. d4 Nb4 13. d5 Bf5 14. Bb5 c6
15. dxc6 bxc6 16. Ba4 Ne4 17. Nd4 Bf6 18. Nxf5 Nxc3 19. bxc3 Nxa2+ 20. Kd2 Re4
21. Bxc6 Rxf4 22. Bxa8 Rxf2+ 23. Kd3 Rxf5 24. Rb1 g5 25. Rb3 Rc5 26. c4 a5 27.
c3 Rf5 28. Ra3 Rf2 29. Ra1 Nb4+ 30. cxb4 Bxa1 31. Rxa1 axb4 32. Ra6 Rf1 33. Bd5
Rd1+ 34. Kc2 Rh1 35. Rxd6 Ra1 36. Rd7 Kh8 37. c5 Ra5 38. c6 Rc5+ 39. Kb3 Kg7
40. c7 Kf6 41. Kxb4 Rxc7 42. Rxc7 h6 43. Bxf7 Ke5 44. Rc6 Kd4 45. Rxh6 g4 46.
Re6 g3 47. h4 Kd3 48. h5 Kd4 49. h6 Kd3 50. h7 Kd2 51. h8=Q Kc1 52. Qc3+ Kb1
53. Re1# 1-0

[Event "ICS rated standard match"]
[Site "204.178.125.65"]
[Date "2000.02.24"]
[Round "?"]
[White "slaven"]
[Black "Hossa"]
[Result "0-1"]
[WhiteElo "2217"]
[BlackElo "2200"]
[PlyCount "112"]

1. d4 Nf6 2. c4 e6 3. Nc3 Bb4 4. g3 c5 5. Nf3 cxd4 6. Nxd4 Ne4 7. Qd3 Nxc3 8.
bxc3 Be7 9. Bg2 Na6 10. O-O Nc5 11. Qc2 h5 12. h4 d6 13. Rd1 Bd7 14. a4 O-O 15.
Be3 Qb6 16. a5 Qa6 17. Qa2 Rac8 18. Rab1 b6 19. Nb5 bxa5 20. Ra1 Bxb5 21. cxb5
Qxb5 22. Rdb1 Qd7 23. Qxa5 a6 24. Bf3 e5 25. Bxc5 Rxc5 26. Qxa6 Rxc3 27. Rb7
Rc7 28. Rxc7 Qxc7 29. Bxh5 d5 30. Qb5 Bc5 31. Rd1 Rb8 32. Qd3 e4 33. Qxd5 Qxg3+
34. Kh1 Qxh4+ 35. Kg2 Qxf2+ 36. Kh3 Bf8 37. Qxe4 Rb4 38. Bxf7+ Qxf7 39. Qd5
Qxd5 40. Rxd5 Re4 41. Rd2 Bb4 42. Rc2 Kf7 43. Kg3 g5 44. Kf3 Rf4+ 45. Kg3 Bd6
46. Kg2 Rh4 47. Kf3 g4+ 48. Kg2 Rh2+ 49. Kg1 g3 50. Rc6 Bf4 51. Rc3 Rxe2 52.
Rf3 Re4 53. Kg2 Kf6 54. Kh3 Kf5 55. Rf1 Re2 56. Rh1 Kg5 0-1

[Event "ICS rated blitz match"]
[Site "204.178.125.65"]
[Date "2000.02.24"]
[Round "?"]
[White "Hossa"]
[Black "warps"]
[Result "0-1"]
[WhiteElo "2387"]
[BlackElo "2407"]
[PlyCount "156"]

1. Nf3 Nf6 2. d4 e6 3. Bf4 c5 4. dxc5 Bxc5 5. Bd6 Qb6 6. Bxc5 Qxc5 7. Nc3 Qb4
8. Rb1 Ne4 9. Qd3 Nxc3 10. Qxc3 Qxc3+ 11. bxc3 b6 12. Rd1 Bb7 13. Ne5 Bd5 14.
c4 Bb7 15. h4 f6 16. Nd3 Ba6 17. Nb2 Nc6 18. Rd6 Nb4 19. a4 Nxc2+ 20. Kd2 Nb4
21. Rh3 Rd8 22. Rg3 O-O 23. Kc3 Nc6 24. h5 Ne5 25. h6 g6 26. Rh3 Nf7 27. Rd4 e5
28. Rdh4 Nd6 29. Rd3 Nf5 30. Rhh3 Bb7 31. g4 Nd4 32. Rd2 Ne6 33. Rh2 Nc5 34.
Rd1 Bc6 35. Kb4 f5 36. Bh3 fxg4 37. Bxg4 Rf6 38. Ka3 Re8 39. Rf1 Rd6 40. Rg1
Rd2 41. Rg3 e4 42. Rhh3 Re5 43. Rh4 Nxa4 44. Nxa4 Ra5 45. Kb3 Rxa4 46. Rh1 Rda2
47. Kc3 e3 48. f3 R4a3+ 49. Kd4 Rd2+ 50. Ke5 Ra5+ 51. Kf4 Rxe2 52. Bh3 Ra3 53.
Rc1 Rf2 54. Bg4 Kf7 55. Rh3 Rd2 56. Kg3 a6 57. Rhh1 Rb3 58. Rb1 Ba4 59. Ra1 Rb4
60. Rhe1 Rd3 61. f4 b5 62. cxb5 axb5 63. Kf3 Rbd4 64. Ke2 Rd2+ 65. Kxe3 R4d3+
66. Ke4 Kf6 67. Bxd7 Rxd7 68. Rac1 Bc2+ 69. Kf3 R7d3+ 70. Ke4 Rh3+ 71. Rxc2
Rxc2 72. Kd5 Kf5 73. Kd6 Rd3+ 74. Ke7 Rc7+ 75. Ke8 Kf6 76. Re6+ Kxe6 77. f5+
Kxf5 78. Kf8 Rd8# 0-1

[Event "ICS rated blitz match"]
[Site "204.178.125.65"]
[Date "2000.02.24"]
[Round "?"]
[White "Viveiros"]
[Black "Hossa"]
[Result "0-1"]
[WhiteElo "1991"]
[BlackElo "2373"]
[PlyCount "50"]

1. e4 d5 2. exd5 Qxd5 3. Nc3 Qa5 4. Bc4 Nc6 5. Nf3 Bd7 6. Qe2 e6 7. d4 Bb4 8.
Bd2 O-O-O 9. a3 Nf6 10. O-O Bxc3 11. Bxc3 Qf5 12. Rfe1 Nd5 13. Bd2 Qxc2 14.
Rec1 Qf5 15. Bd3 Nf4 16. Bxf4 Qxf4 17. Rc4 Na5 18. Rc2 Nb3 19. Rd1 Nxd4 20.
Nxd4 Qxd4 21. Rdc1 c6 22. Ba6 bxa6 23. Rxc6+ Bxc6 24. Qxa6+ Kb8 25. Qxc6 Qd1+
0-1

[Event "ICS rated blitz match"]
[Site "204.178.125.65"]
[Date "2000.02.24"]
[Round "?"]
[White "PostModernist"]
[Black "Hossa"]
[Result "0-1"]
[WhiteElo "2508"]
[BlackElo "2379"]
[PlyCount "168"]

1. d4 e6 2. c4 d5 3. Nf3 dxc4 4. e3 b5 5. a4 c6 6. b3 cxb3 7. axb5 c5 8. Bc4
cxd4 9. Nxd4 Bb4+ 10. Kf1 Ne7 11. Ra4 Bc5 12. Qf3 Nd5 13. Nxb3 Be7 14. Bb2 O-O
15. Bd4 Qd7 16. Nc5 Qd6 17. Nd3 Qd7 18. Nd2 Bb7 19. Ne4 Qc7 20. Qg4 g6 21. Qh3
Nd7 22. Bb3 N5b6 23. Qg3 Qxg3 24. Nxg3 Nxa4 25. Bxa4 Bd5 26. Ne2 Rfc8 27. Ne5
Nxe5 28. Bxe5 Rc4 29. Nc3 Bd6 30. Bxd6 Rxc3 31. Ke2 Bxg2 32. Ra1 Rd8 33. Be5
Rc4 34. Bd4 Ra8 35. Bd1 Rb4 36. Ra5 Bd5 37. Kd2 Rd8 38. Be2 Rd7 39. Kc3 Rb3+
40. Kd2 h5 41. Rxa7 Rxa7 42. Bxa7 Rb2+ 43. Ke1 e5 44. f3 h4 45. e4 Be6 46. Bc5
Bd7 47. b6 Bb5 48. Bxb5 Rxb5 49. Be3 Rb2 50. Kd1 h3 51. Kc1 Rb4 52. Kd2 f6 53.
Kc3 Rb1 54. Bc5 Kf7 55. Kc4 Ke6 56. Bf2 Kd6 57. Bc5+ Kc6 58. Be7 Rxb6 59. Bxf6
Kd6 60. Kc3 Rb1 61. Bh4 Rf1 62. Kd2 Rxf3 63. Ke2 Rf4 64. Bd8 Rg4 65. Kf3 Rg2
66. Bh4 Rxh2 67. Kg3 g5 68. Kxh2 gxh4 69. Kxh3 Kc5 70. Kxh4 Kd4 71. Kg3 Kxe4
72. Kf2 Kd3 73. Kf1 Kd2 74. Kg2 e4 75. Kg3 e3 76. Kf4 e2 77. Ke5 e1=Q+ 78. Kd6
Kd3 79. Kd7 Kd4 80. Kd8 Kd5 81. Kd7 Kc5 82. Kc8 Kc6 83. Kd8 Qe2 84. Kc8 Qe8#
0-1

[Event "ICS rated standard match"]
[Site "204.178.125.65"]
[Date "2000.02.24"]
[Round "?"]
[White "Hossa"]
[Black "Irs149"]
[Result "1-0"]
[WhiteElo "2217"]
[BlackElo "2061"]
[PlyCount "93"]

1. Nf3 Nf6 2. c3 e6 3. d4 d5 4. e3 c5 5. Be2 Bd6 6. dxc5 Bxc5 7. c4 O-O 8. O-O
Qe7 9. Nc3 dxc4 10. Bxc4 Rd8 11. Bd2 a6 12. Qc2 b5 13. Bd3 Bb7 14. Ng5 h6 15.
Nge4 Nbd7 16. Rfd1 Rac8 17. Qb1 b4 18. Ne2 Nxe4 19. Bxe4 Ne5 20. Nf4 a5 21. b3
Bd6 22. Bxb7 Qxb7 23. Be1 Ng4 24. Qd3 Bc7 25. Qe2 Nf6 26. Rxd8+ Rxd8 27. Nh5
Ne4 28. Qb2 f6 29. Qe2 Qb8 30. Qg4 Ng5 31. f4 f5 32. Qh4 Nf7 33. Qg3 g5 34. Rc1
Qb6 35. Bf2 Kh8 36. Nf6 Rd2 37. h4 Rxa2 38. hxg5 Bd8 39. g6 Bxf6 40. gxf7 Qd8
41. Qg6 Bg7 42. Bh4 Qf8 43. Be7 Qa8 44. f8=Q+ Qxf8 45. Bxf8 Bxf8 46. Rc8 Ra1+
47. Kh2 1-0

[Event "ICS rated blitz match"]
[Site "204.178.125.65"]
[Date "2000.02.24"]
[Round "?"]
[White "Hossa"]
[Black "LassTom"]
[Result "1-0"]
[WhiteElo "2401"]
[BlackElo "2003"]
[PlyCount "93"]

1. Nf3 d5 2. b3 Nf6 3. d4 Bf5 4. e3 e6 5. Be2 Bd6 6. c4 c6 7. O-O O-O 8. Nc3
Ne4 9. Nxe4 Bxe4 10. a3 Qf6 11. Bd2 Nd7 12. Bb4 Bxb4 13. axb4 Qg6 14. Ra5 e5
15. Qd2 exd4 16. Qxd4 Nf6 17. Rxa7 Ng4 18. Rxb7 Ra2 19. Bd1 Bd3 20. Nh4 Qg5 21.
Qxg4 Qxg4 22. Bxg4 Bxf1 23. Kxf1 g6 24. cxd5 cxd5 25. Bd1 Ra1 26. Ke1 Rc8 27.
Rb5 d4 28. Ra5 Rb1 29. Rd5 dxe3 30. fxe3 Rcc1 31. Rd8+ Kg7 32. Ke2 Rb2+ 33. Rd2
Rbb1 34. h3 Kh6 35. g3 Rc3 36. b5 Rc5 37. b6 Ra5 38. Nf3 Rb5 39. Rd6 Rb2+ 40.
Kd3 Rg2 41. Kc4 Rxb3 42. Kxb3 Rxg3 43. b7 Rxf3 44. Bxf3 Kg5 45. b8=Q Kh4 46.
Rd4+ Kg5 47. Qf4# 1-0

[Event "ICS rated blitz match"]
[Site "204.178.125.65"]
[Date "2000.02.24"]
[Round "?"]
[White "PostModernist"]
[Black "Hossa"]
[Result "0-1"]
[WhiteElo "2484"]
[BlackElo "2404"]
[PlyCount "116"]

1. d4 c6 2. c4 Nf6 3. Nc3 d6 4. e4 Nbd7 5. Nf3 e5 6. Be2 Be7 7. O-O O-O 8. Qc2
exd4 9. Nxd4 Nb6 10. Bf4 Be6 11. e5 dxe5 12. Nxe6 fxe6 13. Bxe5 Nbd7 14. Rfd1
Qa5 15. Bg3 Rad8 16. a3 Qb6 17. b4 c5 18. Na4 Qc6 19. b5 Qc8 20. Bf3 Rde8 21.
Re1 Bd8 22. Bd6 Rf7 23. Bf4 Bc7 24. Bd2 Be5 25. Rad1 Qc7 26. g3 Bd4 27. Bf4 e5
28. Be3 Bxe3 29. Rxe3 Ref8 30. Ree1 Kh8 31. Qd3 e4 32. Bxe4 Ne5 33. Qc2 Nxe4
34. Rxe4 Nf3+ 35. Kg2 b6 36. Qd3 Ne5 37. Qe2 Rxf2+ 38. Qxf2 Rxf2+ 39. Kxf2 Qf7+
40. Kg1 Nf3+ 41. Kg2 Nd4 42. Rf1 Qg8 43. Re7 Nc2 44. Nb2 Qd8 45. Rff7 h5 46.
Rd7 Qa8+ 47. Kg1 Ne3 48. Rb7 Qd8 49. Rbd7 Qa8 50. Rb7 Qd8 51. Rxg7 Qd2 52. Rh7+
Kg8 53. Rbg7+ Kf8 54. Rf7+ Kg8 55. Rfg7+ Kf8 56. Rf7+ Kg8 57. Rf2 Qe1+ 58. Rf1
Qxf1# 0-1

[Event "ICS rated blitz match"]
[Site "204.178.125.65"]
[Date "2000.02.24"]
[Round "?"]
[White "Hossa"]
[Black "PostModernist"]
[Result "0-1"]
[WhiteElo "2424"]
[BlackElo "2464"]
[PlyCount "104"]

1. c4 e5 2. Nc3 d6 3. g3 g6 4. Bg2 Nc6 5. Nf3 Bg7 6. O-O f5 7. d3 Nf6 8. Ne1
O-O 9. f4 Be6 10. fxe5 dxe5 11. Bxc6 bxc6 12. Nf3 Qd6 13. Ng5 Bd7 14. e3 h6 15.
Nh3 Be6 16. Nf2 e4 17. c5 Qxc5 18. Ne2 Qd6 19. Nf4 Bf7 20. dxe4 Nxe4 21. Nxe4
fxe4 22. Qa4 g5 23. Nh3 Bd5 24. Nf2 Qe6 25. Qc2 Rab8 26. a4 Qf7 27. Ra3 Bb3 28.
Rxb3 Rxb3 29. Qxc6 Rb4 30. b3 Qxb3 31. Qxc7 Rxa4 32. Bd2 Qb5 33. Qd6 Qf5 34. g4
Qf7 35. Qg3 Qc4 36. Qd6 Kh7 37. Qd7 Ra2 38. Re1 Rf7 39. Qd8 Bc3 40. Qe8 Bxd2
41. Re2 Ra1+ 42. Kg2 Bxe3 43. Qxe4+ Qxe4+ 44. Nxe4 Rg1+ 45. Kh3 h5 46. Ng3
hxg4+ 47. Kxg4 Kg6 48. Kh3 Rf4 49. Nf5 g4+ 50. Kh4 Rxf5 51. Rg2 Rxg2 52. h3
Bf2# 0-1

[Event "ICS rated blitz match"]
[Site "204.178.125.65"]
[Date "2000.02.24"]
[Round "?"]
[White "PostModernist"]
[Black "Hossa"]
[Result "1-0"]
[WhiteElo "2478"]
[BlackElo "2410"]
[PlyCount "122"]

1. d4 d5 2. Nf3 e6 3. c4 c6 4. Qc2 dxc4 5. Qxc4 Nf6 6. g3 Nbd7 7. Bg2 Nb6 8.
Qc2 Bd6 9. O-O Nbd5 10. a3 Ne7 11. Bg5 h6 12. Bxf6 gxf6 13. e3 Ng6 14. Nc3 h5
15. Ne4 Be7 16. Rfe1 h4 17. Nc5 hxg3 18. fxg3 e5 19. Rad1 Qb6 20. b4 Bg4 21.
Qc4 f5 22. Rd2 e4 23. Ne5 Nxe5 24. dxe5 Rd8 25. Rxd8+ Qxd8 26. Nxb7 Qc7 27. Qa6
Qd7 28. Qxa7 Qd2 29. Rf1 Bf3 30. Rf2 Qe1+ 31. Bf1 Rh6 32. Qa8+ Kd7 33. Na5 Qxe3
34. Qb7+ Ke8 35. Qc8+ Bd8 36. Nxc6 Rxc6 37. Qxc6+ Kf8 38. Qc5+ Qxc5 39. bxc5
Bg5 40. Be2 Be3 41. Bxf3 Bxc5 42. Be2 Ke7 43. a4 Bxf2+ 44. Kxf2 Ke6 45. a5 Kd5
46. a6 Kc6 47. Ke3 Kb6 48. Kf4 Ka7 49. Kxf5 Kb6 50. Kf6 Kc6 51. Kxf7 Kd5 52. e6
Kd4 53. e7 Ke3 54. e8=Q Kd4 55. a7 Ke3 56. a8=Q Kxe2 57. Qaxe4+ Kf2 58. Qe2+
Kg1 59. Q8e3+ Kh1 60. Q2f3+ Kxh2 61. Qef2+ Kh3 1-0

[Event "ICS rated blitz match"]
[Site "204.178.125.65"]
[Date "2000.02.24"]
[Round "?"]
[White "Hossa"]
[Black "PostModernist"]
[Result "0-1"]
[WhiteElo "2397"]
[BlackElo "2491"]
[PlyCount "180"]

1. c4 e6 2. Nc3 d5 3. d4 c6 4. cxd5 exd5 5. e3 Nf6 6. Bd3 Be7 7. Nge2 O-O 8.
O-O Bd6 9. Ng3 Bxg3 10. hxg3 Re8 11. Re1 Bg4 12. f3 Be6 13. g4 h6 14. Bd2 Qd6
15. Ne2 Nbd7 16. Qb3 c5 17. Qa3 b6 18. Ba6 Rab8 19. Rec1 Qc6 20. Be1 Ra8 21.
Bh4 Nh7 22. Nc3 Qc7 23. Na4 c4 24. Nc3 Ndf6 25. Nb5 Qc6 26. Nd6 Reb8 27. Bb5
Qc7 28. Bg3 Rf8 29. Nf5 Qd8 30. Ne7+ Kh8 31. Bc6 Re8 32. Bxe8 Qxe8 33. Be5 Rd8
34. Rd1 a5 35. Rab1 b5 36. Bxf6 Nxf6 37. g5 Nh7 38. g6 fxg6 39. Qc5 Nf6 40.
Rbc1 Nd7 41. Qd6 Nf8 42. Qc5 Bf7 43. a4 Ne6 44. Qa7 Rd7 45. Nxg6+ Bxg6 46. Qxa5
bxa4 47. Qxa4 Bd3 48. Qa5 Nc7 49. Re1 Re7 50. Qd2 Qh5 51. Qb4 Qg5 52. Qb8+ Kh7
53. b3 Qh4 54. bxc4 dxc4 55. e4 Qf6 56. e5 Qh4 57. Re4 Bxe4 58. fxe4 Qxe4 59.
Rxc4 Nd5 60. Qb2 Qe1+ 61. Kh2 Qh4+ 62. Kg1 Rxe5 63. dxe5 Qxc4 64. Qb1+ g6 65.
Qb8 Qd4+ 66. Kh1 Qh4+ 67. Kg1 Qe1+ 68. Kh2 Ne7 69. Qc7 Qh4+ 70. Kg1 h5 71. Kf1
Qg5 72. Kf2 h4 73. Kf1 Kg7 74. Kf2 Kh6 75. Qd6 Qg3+ 76. Kf1 Nf5 77. Qf8+ Kh5
78. Qh8+ Kg4 79. Qc8 Qe3 80. Qe6 Kh5 81. g4+ hxg3 82. Qa2 Qf3+ 83. Ke1 Qh1+ 84.
Kd2 Qh2+ 85. Kc3 Qxa2 86. e6 g2 87. e7 Nxe7 88. Kd3 g1=Q 89. Ke4 Qc4+ 90. Ke5
Qgd4# 0-1

[Event "ICS rated blitz match"]
[Site "204.178.125.65"]
[Date "2000.02.24"]
[Round "?"]
[White "peteleco"]
[Black "Hossa"]
[Result "0-1"]
[WhiteElo "2112"]
[BlackElo "2390"]
[PlyCount "88"]

1. d4 Nf6 2. Nf3 e6 3. c4 b6 4. a3 d5 5. Nc3 dxc4 6. e4 Ba6 7. Bxc4 Bxc4 8.
Qa4+ b5 9. Nxb5 Bxb5 10. Qxb5+ Nbd7 11. O-O Nxe4 12. Re1 Nef6 13. d5 Be7 14.
dxe6 fxe6 15. Ng5 Rb8 16. Qc4 Nc5 17. Nxe6 Nxe6 18. Qxe6 Rb6 19. Qe2 Kf7 20.
Be3 c5 21. b4 Re6 22. Qc4 Qd5 23. Qc2 Rc8 24. Qa4 Ra8 25. Rad1 Qc4 26. Rc1 Qe4
27. Qb3 cxb4 28. axb4 Qxb4 29. Qa2 Qe4 30. Bd2 Qd5 31. Qxd5 Nxd5 32. Rxe6 Kxe6
33. Re1+ Kf7 34. Ba5 Rc8 35. h3 Rc5 36. Ra1 Bf6 37. Ra4 Rc1+ 38. Kh2 Be5+ 39.
g3 Ra1 40. Rxa1 Bxa1 41. f4 Bc3 42. Bxc3 Nxc3 43. Kg2 a5 44. Kf3 a4 0-1

[Event "ICS rated blitz match"]
[Site "204.178.125.65"]
[Date "2000.02.24"]
[Round "?"]
[White "Hossa"]
[Black "peteleco"]
[Result "1-0"]
[WhiteElo "2405"]
[BlackElo "2097"]
[PlyCount "65"]

1. c3 Nf6 2. d4 d5 3. e3 c6 4. Nf3 Bf5 5. Be2 Nbd7 6. Nh4 Bg6 7. Nxg6 hxg6 8.
c4 e6 9. Nc3 Bd6 10. h3 Qe7 11. Bd2 O-O 12. Qb3 Rab8 13. O-O-O dxc4 14. Qxc4 b5
15. Qd3 a5 16. e4 e5 17. dxe5 Nxe5 18. Qe3 a4 19. f3 a3 20. b3 Bc5 21. Qg5 Qb7
22. Qxe5 Be7 23. Bg5 Rfe8 24. g3 Qa7 25. Qf4 c5 26. Nxb5 Qa5 27. Qe5 Rxb5 28.
Bxb5 Qxb5 29. Rh2 Bf8 30. Qc7 Nh7 31. Bd8 Qb4 32. Rc2 Ng5 33. Bxg5 1-0

[Event "ICS rated blitz match"]
[Site "204.178.125.65"]
[Date "2000.02.24"]
[Round "?"]
[White "peteleco"]
[Black "Hossa"]
[Result "1-0"]
[WhiteElo "2092"]
[BlackElo "2410"]
[PlyCount "85"]

1. d4 Nf6 2. Nf3 g6 3. c4 c5 4. d5 Bg7 5. Nc3 O-O 6. e4 d6 7. h3 e6 8. Bd3 Re8
9. O-O Na6 10. Re1 Nb4 11. Bb1 Rb8 12. Bg5 Qb6 13. Qd2 Qa6 14. a3 Rf8 15. Bh6
Ne8 16. Bxg7 Kxg7 17. Qg5 f6 18. Qh4 Nc7 19. Nh2 b5 20. Ng4 bxc4 21. Qh6+ Kg8
22. Re3 f5 23. exf5 Ncxd5 24. fxg6 Rf7 25. gxf7+ Kxf7 26. Qxh7+ Ke8 27. Bg6+
Kd8 28. Rf3 Bd7 29. Rf8+ Kc7 30. Rxb8 Kxb8 31. Qxd7 Nc7 32. h4 d5 33. h5 Nc6
34. h6 Ne7 35. Qxe7 Qc8 36. h7 a6 37. Ne5 d4 38. Ne4 d3 39. Qxc5 Qh8 40. Nd6
Nd5 41. Qc6 Qg7 42. h8=Q+ Qxh8 43. Qb7# 1-0

[Event "ICS rated blitz match"]
[Site "204.178.125.65"]
[Date "2000.02.24"]
[Round "?"]
[White "Hossa"]
[Black "peteleco"]
[Result "1-0"]
[WhiteElo "2382"]
[BlackElo "2106"]
[PlyCount "71"]

1. c3 Nf6 2. d4 d5 3. e3 c6 4. Nf3 Bf5 5. Be2 Nbd7 6. Nh4 Bg6 7. Nxg6 hxg6 8.
c4 e6 9. Nc3 Bd6 10. h3 Qe7 11. Bd2 O-O 12. Qb3 Rab8 13. O-O-O a5 14. h4 Rfc8
15. h5 gxh5 16. Bxh5 dxc4 17. Qxc4 c5 18. Qe2 cxd4 19. exd4 b5 20. Kb1 b4 21.
Nb5 Nb6 22. Bg5 Nbd5 23. Rh4 Qd7 24. Nxd6 Qxd6 25. Rdh1 Nc3+ 26. bxc3 bxc3+ 27.
Ka1 Rb2 28. Bf3 Kf8 29. Rh8+ Ng8 30. Qe4 f5 31. Qh4 Rcb8 32. Rxg8+ Kxg8 33.
Qh8+ Kf7 34. Bh5+ g6 35. Bxg6+ Kxg6 36. Qf6# 1-0

[Event "ICS rated blitz match"]
[Site "204.178.125.65"]
[Date "2000.02.24"]
[Round "?"]
[White "warps"]
[Black "Hossa"]
[Result "1-0"]
[WhiteElo "2427"]
[BlackElo "2387"]
[PlyCount "71"]

1. e4 e5 2. Nf3 Nc6 3. Bb5 a6 4. Ba4 Nf6 5. O-O Be7 6. Re1 b5 7. Bb3 O-O 8. c3
d5 9. exd5 Nxd5 10. Nxe5 Nxe5 11. Rxe5 c6 12. d4 Bd6 13. Re1 Qh4 14. g3 Qh3 15.
Be3 Bg4 16. Qd3 Rae8 17. Nd2 Re7 18. Bg5 Nf4 19. Bxf4 Rxe1+ 20. Rxe1 Bxf4 21.
Ne4 Bh6 22. Bc2 f5 23. Nc5 a5 24. d5 cxd5 25. Nd7 Rd8 26. Qxd5+ Kh8 27. f3 Bd2
28. Nf6 Rb8 29. Qb7 Rd8 30. Qe7 Rg8 31. Qf7 Qf1+ 32. Kxf1 Bh3+ 33. Kg1 Be3+ 34.
Rxe3 gxf6 35. Qxf6+ Rg7 36. Re8# 1-0

[Event "ICS rated blitz match"]
[Site "204.178.125.65"]
[Date "2000.02.24"]
[Round "?"]
[White "Hossa"]
[Black "joejan"]
[Result "1-0"]
[WhiteElo "2374"]
[BlackElo "2265"]
[PlyCount "55"]

1. d4 Nf6 2. f4 d5 3. e3 Bf5 4. Bd3 e6 5. Bxf5 exf5 6. Nf3 Be7 7. Qd3 Qc8 8.
O-O O-O 9. c4 c6 10. Nc3 Na6 11. g3 Nb4 12. Qe2 dxc4 13. Qxc4 Qe6 14. Qxe6 fxe6
15. Bd2 h6 16. Ne5 Rfd8 17. h3 Rac8 18. Rae1 c5 19. Nb5 cxd4 20. Ng6 Bc5 21.
exd4 Nc6 22. dxc5 Rxd2 23. Nd6 Rc7 24. Rf2 Rxf2 25. Kxf2 Nd8 26. b4 b6 27. Rd1
Nf7 28. Nb5 1-0

[Event "ICS rated blitz match"]
[Site "204.178.125.65"]
[Date "2000.02.24"]
[Round "?"]
[White "mkarp"]
[Black "Hossa"]
[Result "0-1"]
[WhiteElo "2117"]
[BlackElo "2385"]
[PlyCount "46"]

1. e4 e5 2. Nf3 Nc6 3. Bb5 a6 4. Bxc6 dxc6 5. O-O f6 6. d4 Bg4 7. dxe5 Qxd1 8.
Rxd1 fxe5 9. Rd3 Bd6 10. Nfd2 O-O-O 11. f3 Be6 12. Nf1 Bc4 13. Rc3 Bc5+ 14. Be3
Rd1 15. Nbd2 Rxa1 16. Bxc5 Bxf1 17. Nxf1 Nf6 18. Kf2 Rxa2 19. b3 Re8 20. Nd2 b6
21. Be3 Kb7 22. g4 b5 23. Bc5 Rd8 0-1

[Event "ICS rated blitz match"]
[Site "204.178.125.65"]
[Date "2000.02.24"]
[Round "?"]
[White "Hossa"]
[Black "mkarp"]
[Result "1-0"]
[WhiteElo "2391"]
[BlackElo "2111"]
[PlyCount "109"]

1. e4 c5 2. c3 Nf6 3. e5 Nd5 4. d4 cxd4 5. Nf3 Nc6 6. cxd4 d6 7. Bc4 Nb6 8. Bb5
dxe5 9. Nxe5 Bd7 10. Bxc6 Bxc6 11. Nxc6 bxc6 12. O-O e6 13. Qg4 g6 14. Bg5 Be7
15. Bh6 Bf6 16. Rd1 Qd5 17. Nc3 Qf5 18. Ne4 Be7 19. Qe2 Qh5 20. Qxh5 gxh5 21.
Rac1 Rc8 22. Re1 Nd5 23. Bd2 Rg8 24. Rf1 Kd7 25. Rc4 Rb8 26. b3 Rb5 27. Rfc1
Rc8 28. Kf1 a5 29. Nc5+ Bxc5 30. Rxc5 Ra8 31. Rxc6 a4 32. R6c5 Rb7 33. Rb1 axb3
34. axb3 Ra2 35. Be1 Ra3 36. b4 Rd3 37. Rc4 Nb6 38. Ke2 Ra3 39. Rc2 Nd5 40. Bd2
Ra4 41. h4 Ra3 42. b5 Ra4 43. Kd3 Ra3+ 44. Ke4 Ra8 45. Ke5 Rab8 46. Rcb2 Nc7
47. b6 Nd5 48. Ba5 Ra8 49. Be1 Rab8 50. Rb5 Ke7 51. Bb4+ Nxb4 52. R1xb4 f6+ 53.
Ke4 Rg8 54. Rxh5 Rxg2 55. Rxh7+ 1-0

[Event "ICS rated blitz match"]
[Site "204.178.125.65"]
[Date "2000.02.24"]
[Round "?"]
[White "Hossa"]
[Black "peteleco"]
[Result "1-0"]
[WhiteElo "2401"]
[BlackElo "2056"]
[PlyCount "41"]

1. c4 Nf6 2. Nc3 c6 3. d4 d5 4. cxd5 cxd5 5. e3 Nc6 6. Nf3 Bf5 7. Qb3 Bc8 8.
Ne5 e6 9. Bb5 Bd7 10. Nxd7 Nxd7 11. Bd2 Bd6 12. Be2 Rb8 13. Nb5 Be7 14. O-O O-O
15. Rac1 a6 16. Nc3 Bd6 17. g3 f5 18. Nxd5 Kh8 19. Nf4 e5 20. Ne6 Qf6 21. Nxf8
1-0

[Event "ICS rated blitz match"]
[Site "204.178.125.65"]
[Date "2000.02.24"]
[Round "?"]
[White "Vanhelgi"]
[Black "Hossa"]
[Result "0-1"]
[WhiteElo "2249"]
[BlackElo "2405"]
[PlyCount "68"]

1. e4 e6 2. d4 d5 3. Nc3 Bb4 4. Nge2 dxe4 5. a3 Bxc3+ 6. Nxc3 f5 7. Bc4 Nf6 8.
Be3 Nd5 9. Bxd5 exd5 10. Qh5+ Kf8 11. h4 Be6 12. O-O-O Nd7 13. Qe2 c6 14. h5
Kf7 15. Bf4 Re8 16. h6 g6 17. Qe3 Nb6 18. b3 Qe7 19. Kb2 Rac8 20. Bg5 Qf8 21.
Qf4 Kg8 22. f3 c5 23. dxc5 Rxc5 24. Qe5 Bf7 25. Qd4 Rc6 26. Be3 Rec8 27. Bd2
R8c7 28. fxe4 fxe4 29. Rhf1 Rc5 30. Rf6 Nd7 31. Rd6 e3 32. Be1 e2 33. Rd3 b6
34. Rf3 Qxh6 0-1

[Event "ICS rated blitz match"]
[Site "204.178.125.65"]
[Date "2000.02.24"]
[Round "?"]
[White "Hossa"]
[Black "Bannon"]
[Result "1-0"]
[WhiteElo "2414"]
[BlackElo "2023"]
[PlyCount "35"]

1. e4 d6 2. d4 Nf6 3. Nc3 g6 4. f4 Bg7 5. Nf3 O-O 6. Bd3 Nc6 7. O-O e5 8. fxe5
dxe5 9. d5 Nd4 10. Nxe5 c5 11. Bg5 h6 12. Bh4 g5 13. Bg3 h5 14. Nc4 Bg4 15. Qd2
h4 16. Bd6 b5 17. Bxf8 Qxf8 18. Ne5 1-0